Business incubation international case studies

Salvato in:
Dettagli Bibliografici
Natura: Libro
Lingua:inglese
Pubblicazione: Paris OECD 1999
Soggetti:
Tags: Aggiungi Tag
Nessun Tag, puoi essere il primo ad aggiungerne!!

MARC

LEADER 00000nam a2200000 4500
001 c120154
005 20221221084145.9
020 |a 92-64-17051-0 
041 0 |a eng 
044 |a FR 
245 1 0 |a Business incubation  |b international case studies 
264 1 |a Paris  |b OECD  |c 1999 
300 |a 176 s. 
610 2 0 |a obchod 
610 2 0 |a podnikanie 
610 2 0 |a štúdie prípadové 
610 2 0 |a porovnanie medzinárodné 
610 2 0 |a rozvoj hospodársky 
610 2 0 |a zamestnanosť 
610 2 0 |a politika hospodárska 
610 2 0 |a nástroje ekonomické 
610 2 0 |a reformy 
610 2 0 |a inovácia 
610 2 0 |a programy rozvojové 
610 2 0 |a programy racionalizačné 
610 2 0 |a OECD